000 00628nam a2200229 i 4500
001 C2-0010637
003 PPAK
005 20190630221906.0
008 970128s1983 xxka|||| ||||| | eng d
040 _aPPAK
_beng
_cPPAK
_erda
082 0 4 _a728.37
_223
090 0 0 _a728.37
_bASH
_dR
100 1 _aAshe, Rosalind,
_eauthor
245 1 0 _aInternational literary houses
264 1 _aLimpsfield :
_bDragon's World ,
_c1983
300 _a141 pages :
_billustrations ;
_c29 cm
336 _2rdacontent
_atext
337 _2rdamedia
_aunmediated
338 _2rdacarrier
_avolume
650 1 0 _aLiterary landmarks
942 _ddc
_cB
999 _c2728
_d2728